| 000 | 00420nam a2200157Ia 4500 | ||
|---|---|---|---|
| 008 | 210210b1969 xxu||||| |||| 00| 0 eng d | ||
| 082 | _a327 DYKI | ||
| 100 | _aDYKE (Vernon Van). | ||
| 245 | _aInternational politics. | ||
| 250 | _a | ||
| 260 |
_aBombay _bVakils, Feffer & Simons Pvt Ltd. _c1969 |
||
| 300 | _a527 | ||
| 650 | _aInternational relations theory | ||
| 690 | _aInternational Relations | ||
| 906 | _aSG00875 | ||
| 999 |
_c112166 _d112166 |
||